2025 F1 Drivers - Statistics

General Stats
  • This quiz has been taken 39 times
  • The average score is 19 of 20
Answer Stats
Driver % Correct
Carlos Sainz
100%
Charles Leclerc
100%
George Russell
100%
Kimi Antonelli
100%
Lando Norris
100%
Lewis Hamilton
100%
Liam Lawson
100%
Max Verstappen
100%
Oscar Piastri
100%
Yuki Tsunoda
100%
Alex Albon
97%
Fernando Alonso
97%
Lance Stroll
97%
Nico Hulkenberg
97%
Oliver Bearman
97%
Gabriel Bortoleto
93%
Isack Hadjar
93%
Esteban Ocon
90%
Franco Colapinto
86%
Pierre Gasly
86%
No matching quizzes found
Score Distribution
Percent of People with Each Score
Percentile by Number Answered
Your Score History
You have not taken this quiz